banner-ar

ACTING & THEATRE / (Record no. 25217)

MARC details
000 -الفاتح
حقل البيانات ثابتة الطول 00383nam a2200157Ia 4500
008 - عناصر البيانات ثابتة الطول - معلومات عامة
حقل البيانات ثابتة الطول 140319s9999 xx 000 0 eng d
040 ## - مصدر الفهرسة
وكالة الفهرسة الأصلية GCL /
وكالة النسخ GCL
082 04 - رقم تصنيف ديوى العشرى
رقم التصنيف 792
رقم المادة E A
100 1# - المدخل الرئيسى - إسم شخصى
الإسم الشخصى EVANS, CHERYI
245 10 - بيان العنوان
العنوان ACTING & THEATRE /
بيان المسئوليه,etc EVANS, CHERYI
260 ## - PUBLICATION, DISTRIBUTION, ETC. (IMPRINT)
تاريخ النشر أو التوزيع 1992
300 ## - الوصف المادى
التعداد 64
650 04 - المدخل الاضافى بالموضوع-مصطلح موضوعى
مصطلح موضوعي ACTING
942 ## - عناصر المدخل الإضافي( كوها)
مصدر التصنيف او مخطط الترفيف Dewey Decimal Classification
Koha [default] item type كتاب
260 ## - PUBLICATION, DISTRIBUTION, ETC. (IMPRINT)
-- [S.N] :
-- USBORNE PUBLISHING LTD ،
Holdings
حالة التراجع حالة الفقد حالة تلف ليس للاعارة المكان المؤقت الموقع الحالى تاريخ الاكتساب اجمالي اﻻعارات رقم الطلب الباركود تاريخ اخر مشاهدة تاريخ تفعيل السعر نوع وعاء كوها
        مكتبة القاهرة الكبرى مكتبة القاهرة الكبرى 03/26/2014   792\E A 44493 03/26/2014 03/26/2014 كتاب
        مكتبة القاهرة الكبرى مكتبة القاهرة الكبرى 03/26/2014   792\E A 44494 03/26/2014 03/26/2014 كتاب
        مكتبة القاهرة الكبرى مكتبة القاهرة الكبرى 03/26/2014   792\E A 44495 03/26/2014 03/26/2014 كتاب

Powered By

EGPV